International labour documentation

Na minha lista:
Detalhes bibliográficos
Formato: Periódico
Idioma:inglês
Publicado em: Geneva International Labour Office
Tags: Adicionar Tag
Sem tags, seja o primeiro a adicionar uma tag!

MARC

LEADER 00000nas1a2200000 4500
001 s120797
005 20230403071153.0
041 0 |a eng 
044 |a CH 
245 1 0 |a International labour documentation 
264 1 |a Geneva  |b International Labour Office